000 00640nam a2200241Ia 4500
003 OSt
005 20220918175416.0
006 a|||||r|||| 00| 0
007 ta
008 220917b |||||||| |||| 00| 0 eng d
024 _a16,973
037 _cTextual
040 _aARTS
_cARTS
_beng
041 _2eng
_aeng
082 _aQ2:24xN05, L5
100 _aSarasvati S S P
_953773
245 0 _aParables and dialogues from the Upanisads
260 _aNew Delhi
_bS Chand
_c1975
300 _axvii, 204p.
_ccm.
650 _aRELIGION
942 _hQ2:24xN05, L5
_cTEXL
_2CC
999 _c157296
_d157296